Formula 1: Drivers with Most Points in Total 1991-2002 - Statistics

General Stats
  • This quiz has been taken 263 times
  • The average score is 20 of 24
Answer Stats
Points Driver Country Teams % Correct
867 Michael Schumacher Germany Jordan, Benetton, Ferrari
99%
177 Ralf Schumacher Germany Jordan, Williams
99%
219 Ayrton Senna Brazil McLaren
98%
420 Mika Häkkinen Finland Lotus, McLaren
98%
133 Alain Prost France Ferrari, Williams
96%
360 Damon Hill United Kingdom Williams, Arrows, Jordan
95%
213 Jacques Villeneuve Canada Williams, BAR
93%
193 Nigel Mansell United Kingdom Williams
92%
272 Rubens Barrichello Brazil Jordan, Stewart, Ferrari
92%
400 David Coulthard United Kingdom Williams, McLaren
89%
224 Gerhard Berger Austria McLaren, Ferrari, Benetton
89%
81 Juan Pablo Montoya Colombia Williams
89%
191 Eddie Irvine United Kingdom Jordan, Ferrari, Jaguar
85%
33 Kimi Räikkönen Finland Sauber, McLaren
85%
161 Heinz-Harald Frentzen Germany Sauber, Williams, Jordan, Arrows
83%
220 Jean Alesi France Ferrari, Benetton, Sauber, Prost, Jordan
83%
33 Mika Salo Finland Tyrrell, Arrows, Ferrari, Sauber, Toyota
78%
82 Giancarlo Fisichella Italy Jordan, Benetton
76%
38 Jarno Trulli Italy Minardi, Prost, Jordan, Renault
75%
93 Johnny Herbert United Kingdom Lotus, Benetton, Sauber, Stewart, Jaguar
71%
129 Riccardo Patrese Italy Williams, Benetton
71%
62 Olivier Panis France Ligier, Prost, BAR
68%
84 Martin Brundle United Kingdom Brabham, Benetton, Ligier, McLaren, Jordan
54%
32 Mark Blundell United Kingdom Brabham, Ligier, Tyrrell, McLaren
41%
No matching quizzes found
Score Distribution
Percent of People with Each Score
Percentile by Number Answered
Your Score History
You have not taken this quiz